GETS Theological Seminary Library

福音聖教與華人 (Record no. 11577)

MARC details
000 -LEADER
fixed length control field 01155nam a2200241Ia 4500
003 - CONTROL NUMBER IDENTIFIER
control field OSt
005 - DATE AND TIME OF LATEST TRANSACTION
control field 20250411144248.0
008 - FIXED-LENGTH DATA ELEMENTS--GENERAL INFORMATION
fixed length control field 200826s9999||||xx |||||||||||||| ||und||
020 ## - INTERNATIONAL STANDARD BOOK NUMBER
International Standard Book Number 9789866355189
020 ## - INTERNATIONAL STANDARD BOOK NUMBER
International Standard Book Number 9866355187
040 ## - CATALOGING SOURCE
Transcribing agency 0
041 ## - LANGUAGE CODE
Language code of text/sound track or separate title chi
050 ## - LIBRARY OF CONGRESS CALL NUMBER
Classification number BR1285
Item number .Y364 1977
100 ## - MAIN ENTRY--PERSONAL NAME
Personal name 楊其耀
245 #0 - TITLE STATEMENT
Title 福音聖教與華人
Remainder of title /
Statement of responsibility, etc. 楊其耀
246 ## - VARYING FORM OF TITLE
Title proper/short title 福音圣教与华人
Remainder of title /
260 ## - PUBLICATION, DISTRIBUTION, ETC.
Place of publication, distribution, etc. 台北市 :
Name of publisher, distributor, etc. 中華福音學院出版,
Date of publication, distribution, etc. 1977
300 ## - PHYSICAL DESCRIPTION
Extent 160 p.
Other physical details ;
Dimensions 22 cm.
505 ## - FORMATTED CONTENTS NOTE
Formatted contents note 第一章 緒論 基督教是世界十大宗教中最大之一,自救主捨命完成恩功,復活升天至今已有了二千年的歷史。記得當時主耶穌曾經吩咐門徒說:「你們要往普天下去,傳福音給萬民聽,信而受洗者必然得救,不信的必被定罪。」關心基督最大使命的聖徒信眾們必須誠墾省察:到底福音有沒有傳給萬民?普天下各國各族各方各民有沒有機會作信與不信的抉擇?我們對末世宣道工作盡了多少責任?捨負什麼角色?
650 ## - SUBJECT ADDED ENTRY--TOPICAL TERM
Topical term or geographic name entry element Christianity China.
650 ## - SUBJECT ADDED ENTRY--TOPICAL TERM
Topical term or geographic name entry element Christianity.
942 ## - ADDED ENTRY ELEMENTS (KOHA)
Source of classification or shelving scheme
Koha item type Chinese Book
Holdings
Withdrawn status Lost status Damaged status Not for loan Home library Current library Shelving location Date acquired Total Checkouts Full call number Barcode Date last seen Price effective from Koha item type Copy number
        GETS Theological Seminary Library GETS Theological Seminary Library General Stacks 08/15/2020   BR1285 .Y364 1977 00002432 08/15/2020 08/15/2020 Chinese Book  
        GETS Theological Seminary Library GETS Theological Seminary Library General Stacks 08/26/2020   BR1285 .Y364 1977 00008018 08/26/2020 08/26/2020 Chinese Book c. 2
OpacCredits

Contact the Librarian, GETS Library
Email: library@mygets.org









Implemented by GETS Library
(Powered by ETCA Professional Group)
GETS Theological Seminary
412 E. Rowland Street, CA 91723